Maailman valtiot 3:ssa minuutissa - Statistics

Yleistilastot
  • Tätä visaa on pelattu 667 kertaa
  • Keskiarvotulos 66 / 197
Vastaustilastot
Maailman valtiot % Oikein
Suomi
95%
Ruotsi
93%
Norja
87%
Venäjä
81%
Ranska
80%
Islanti
79%
Yhdysvallat
78%
Kiina
77%
Saksa
76%
Tanska
76%
Viro
76%
Liettua
75%
Kanada
74%
Latvia
74%
Espanja
73%
Japani
73%
Irlanti
65%
Italia
65%
Puola
63%
Australia
62%
Meksiko
62%
Intia
59%
Portugali
57%
Alankomaat
56%
Belgia
56%
Brasilia
56%
Kreikka
56%
Irak
54%
Iran
54%
Andorra
52%
Ukraina
52%
Slovakia
51%
Egypti
50%
Slovenia
50%
Yhdistynyt Kuningaskunta
50%
Chile
49%
Tšekki
49%
Unkari
49%
Algeria
47%
Argentiina
47%
Peru
46%
Sveitsi
46%
Albania
45%
Itävalta
44%
Oman
44%
Bulgaria
43%
Malta
43%
Valko-Venäjä
43%
Etelä-Korea
42%
Turkki
42%
Vatikaani
42%
Indonesia
41%
Israle
41%
Jemen
41%
Kroatia
41%
Monaco
41%
Niger
41%
Romania
41%
Angola
40%
Mongolia
40%
Uusi Seelanti
40%
Nigeria
39%
Serbia
39%
Kosovo
38%
Afganistan
37%
Haiti
37%
Kenia
37%
Mali
37%
Thaimaa
37%
Armenia
36%
Bosnia ja Herzegovina
36%
Pohjois Korea
36%
San Marino
36%
Vietnam
36%
Laos
35%
Marokko
35%
Moldova
35%
Nepal
35%
Syyria
35%
Togo
35%
Bolivia
34%
Kuuba
34%
Nauru
34%
Sudan
34%
Kongon demokraattinen tasavalta
33%
Kongon tasavalta
33%
Kypros
33%
Benin
32%
Bhutan
32%
Jamaika
32%
Kolumbia
32%
Tuvalu
32%
Etelä-Afrikka
31%
Libya
31%
Luxemburg
31%
Uruguay
31%
Panama
30%
Somalia
30%
Vanuatu
30%
Brunei
29%
Guinea
29%
Tonga
29%
Ghana
28%
Kazakstan
28%
Montenegro
28%
Pakistan
28%
Paraguay
28%
Qatar
28%
Saudi Arabia
28%
Taiwan
28%
Tansania
28%
Etiopia
27%
Malesia
27%
Samoa
27%
Tunisia
27%
Venezuela
27%
Gambia
26%
Tšad
26%
Honduras
25%
Liechtenstein
25%
Bahrain
24%
Fidzi
24%
Gabon
24%
Georgia
24%
Jordania
24%
Namibia
24%
Palau
24%
Belize
23%
Libanon
23%
Makedonia
23%
Ecuador
21%
Eritrea
21%
Etelä-Sudan
21%
Filippiinit
21%
Sambia
21%
Sri Lanka
21%
Bahama
20%
Kuwait
20%
Singapore
20%
Suriname
20%
Barbados
19%
Guyana
19%
Itä-Timor
19%
Liberia
19%
Mauritania
19%
Dominica
18%
Kirgisia
18%
Kiribati
18%
Malawi
18%
Myanmar
18%
Uganda
18%
Uzbekistan
18%
Antigua ja Barbuda
17%
Botswana
17%
Guatemala
17%
Lesotho
17%
Malediivit
17%
Senegal
17%
Azerbaidzan
16%
Bangladesh
16%
El Salvador
16%
Grenada
16%
Djibouti
15%
Guinea-Bissau
15%
Nicaragua
15%
Ruanda
15%
Turkmenistan
15%
Burundi
14%
Costa Rica
14%
Kambodza
13%
Madagaskar
13%
Mikronesia
13%
Saint Kitts ja Nevis
13%
Trinidad ja Tobago
13%
Zimbabwe
13%
Marshallinsaaret
12%
Mauritius
12%
Saint Lucia
12%
Salomonsaaret
12%
Tadzikistan
12%
Kamerun
11%
Mosambik
11%
Norsunluurannikko
11%
Papua Uusi Guinea
11%
Sierra Leone
11%
Swazimaa
11%
Kap Verde
10%
Keski-Afrikan tasavalta
10%
Komorit
10%
Sao Tome ja Principe
10%
Dominikaaninen tasavalta
9%
Saint Vincent ja Grenadiinit
9%
Arabiemiirikunnat
8%
Burkina Faso
8%
Seychellit
7%
Päiväntasaajan Guinea
4%
Palestiina
3%
Ehtoja vastaavia visoja ei löytynyt
Tulosjakauma
Jokaisen tuloksen saaneiden osuus
Persentiili vastausten määrän mukaan
Tuloshistoriasi
Et ole pelannut tätä visaa